00402nam a2200169Ia 4500003000500000008004100005020001800046040001900064082000700083100002500090245003600115246001700151260003400168300000900202365000700211546001400218STCL221019s9999 xx 000 0 und d a9798187333783 aSTCLcSTCLbEN 222 aBenny P Nayarambalam 0aഅണ്ണൻ തമ്പി aAnnan thampy bFabian BooksaKozhikodec2008 a96 p b60 aMalayalam